000 00808cam a22002413a 4500
001 6200
003 PGUSA
005 20140828083129.0
008 040701s2004||||xxu|||||s|||||000 | eng d
040 _aPGUSA
_beng
042 _adc
050 4 _aDF
100 1 _aDickinson, G. Lowes
_q(Goldsworthy Lowes),
_d1862-1932
245 1 4 _aThe Greek View of Life
_h[electronic resource] /
_cG. Lowes Dickinson
260 _bProject Gutenberg,
_c2004
505 0 _aThe Greek view of religion -- The Greek view of the state -- The Greek view of the individual -- The Greek view of art -- Conclusion.
506 _aPublic domain in the USA.
516 _aElectronic text
653 _aGreece -- Civilization
830 0 _aProject Gutenberg
_v6200
856 4 0 _uhttp://www.gutenberg.org/ebooks/6200
942 _cEB
999 _c235523
_d235523